| 000 | 00534nam a2200205Ia 4500 | ||
|---|---|---|---|
| 005 | 20220720113652.0 | ||
| 008 | 131103s9999 xx 000 0 und d | ||
| 020 |
_a198183267 _cG.B.P.13.99 |
||
| 040 | _aLoreto College | ||
| 041 | _aEnglish | ||
| 082 |
_a821.09 _bRIC |
||
| 100 | _aRicks, Christopher | ||
| 245 | 4 |
_aThe force of poetry _cChristopher Ricks |
|
| 260 |
_aOxford _bClarendon Press _c1997 |
||
| 300 | _a453p. | ||
| 504 | _aIncludes index | ||
| 650 | _aEnglish poetry - Criticism | ||
| 850 | _aLCLIB | ||
| 942 | _cBK | ||
| 999 |
_c21136 _d71615 |
||